Managerial economics (Record no. 191086)

MARC details
000 -LEADER
fixed length control field 00321nam a22001457a 4500
003 - CONTROL NUMBER IDENTIFIER
control field OSt
020 ## - INTERNATIONAL STANDARD BOOK NUMBER
International Standard Book Number 978007106786
082 ## - DEWEY DECIMAL CLASSIFICATION NUMBER
Classification number 338.092
Item number GUP/MA
100 ## - MAIN ENTRY--PERSONAL NAME
Personal name Gupta, G S
245 ## - TITLE STATEMENT
Title Managerial economics
250 ## - EDITION STATEMENT
Edition statement 2,ed.
260 ## - PUBLICATION, DISTRIBUTION, ETC. (IMPRINT)
Place of publication, distribution, etc. New Delhi
Name of publisher, distributor, etc. Mcgraw hill education
Date of publication, distribution, etc. 2012
300 ## - PHYSICAL DESCRIPTION
Extent 431p.
942 ## - ADDED ENTRY ELEMENTS (KOHA)
Source of classification or shelving scheme Dewey Decimal Classification
Koha item type Books (General)
Holdings
Withdrawn status Lost status Source of classification or shelving scheme Damaged status Not for loan Collection code Home library Current library Shelving location Date acquired Cost, normal purchase price Total Checkouts Full call number Date last seen Date checked out Price effective from Koha item type
    Dewey Decimal Classification     Malayalam College of Co-operation, Banking & Management Library, Vellanikkara College of Co-operation, Banking & Management Library, Vellanikkara   13/12/2018 425.00 2 338.092 GUP/MA 19/02/2019 08/02/2019 13/12/2018 Books (General)
Kerala Agricultural University Central Library
Thrissur-(Dt.), Kerala Pin:- 680656, India
Ph : (+91)(487) 2372219
E-mail: librarian@kau.in
Website: http://library.kau.in/